| 000 | 00987nam a22002415i 4500 | ||
|---|---|---|---|
| 001 | 176900 | ||
| 003 | ES-MaACL | ||
| 005 | 20250807061408.0 | ||
| 008 | 110217s1949 sp |||| | spa d | ||
| 080 | _a929 Fernández de Lugo, Alonso | ||
| 100 | 1 |
_aRosa Olivera, Leopoldo de la. _999618 |
|
| 245 | 1 | 3 |
_aEl adelantado D. Alonso de Lugo y su residencia por Lope de Sosa / _cLeopoldo de la Rosa Olivera y Elías Serra Ràfols. |
| 260 |
_aLa Laguna de Tenerife : _b[Instituto de Estudios Canarios], _c1949. |
||
| 300 |
_aXLVIII, 188, [8] p. ; _c28 cm. |
||
| 490 | 1 |
_aFontes rerum Canarium : colección de textos y documentos para la historia de Canarias ; _v3 |
|
| 500 | _aÍndice. | ||
| 600 | 1 | 4 |
_aFernández de Lugo, Alonso- _vBiografías. _9145252 |
| 700 | 0 |
_aSerra Ràfols, Elías. _9105653 |
|
| 710 | 2 |
_aInstituto de Estudios Canarios. _94891 |
|
| 830 | 0 | 0 |
_aFontes rerum Canariarum _v3 _9190299 |
| 852 |
_aES-MaACL _jE-14340 _xOlim P-648 |
||
| 999 |
_c176900 _d176900 |
||